| 000 | 00735nam a2200289Ia 4500 | ||
|---|---|---|---|
| 001 | Z_1296 | ||
| 003 | CHAP | ||
| 008 | 220113s1988 xx 000 0 und d | ||
| 010 | _a164384 | ||
| 040 | _cCHAP | ||
| 082 | _a636.9 P6 | ||
| 100 |
_aPonce de León Senti, Raquel _990784 |
||
| 245 |
_aInvestigaciones sobre el mejoramiento genético del conejo / _cpor Raquel Ponce de León Senti |
||
| 260 |
_aLa Habana : _bEdica, _c1988 |
||
| 300 | _a159 p | ||
| 440 |
_aSerie Genética No. 1 _9104886 |
||
| 500 | _a | ||
| 503 | _a | ||
| 650 |
_aConejos _xGenética I.t. _9138534 |
||
| 650 |
_aConejos _xMejoramiento _926371 |
||
| 901 | _a636.9 P6 | ||
| 902 | _aA | ||
| 910 | _a1988 | ||
| 942 | _c1 | ||
| 942 | _cc1 | ||
| 999 |
_c164384 _d164384 |
||